000 00773cab a2200241 4500
001 WB3501-42
008 090401t1998 xxu||||| |||| 00| 0 eng d
035 _a(Sirsi) u90489
041 _aeng
245 _aLand use change in England
260 _c1998
350 _a0
490 _aDETR News Release
_v(1112) 22 December 1998 (4)
520 _aNew DETR statistics present estimates of changes in land use for England, particlularly changes to urban uses for regions and counties. "Land use change in England no.13" available from the DETR on 01709 891318, price £10.
650 _aENGLAND
650 _aLand use
_96251
650 _aRESIDENTIAL USE
650 _aSTATISTICS
650 _aURBAN USES
690 _aLAND
942 _n0
948 _c24/12/1998
999 _c57378
_d57378